00393nam a2200157Ia 4500008004100000020001500041041000800056082001700064100004200081245002300123250000600146260004300152300001200195365001100207650001700218210719s1987 xx 000 0 und d a8121401399 aeng a346.065 MAHB aMAHESHWARI (R P) and MAHESHWARI (S N) aBusiness law. Ed.8 a8 aDelhibNational publishing housec1987 a412bPB b22cRs aBusiness Law